书目信息 |
| 题名: |
震惊世界大事记
|
|
| 作者: | 王凡 编 | |
| 分册: | ||
| 出版信息: | 北京 农村读物出版社 1988.1 |
|
| 页数: | 444页 | |
| 开本: | 19cm | |
| 丛书名: | 《资料卡片》丛书 | |
| 单 册: | ||
| 中图分类: | D55 | |
| 科图分类: | ||
| 主题词: | 大事记--世界--现代 | |
| 电子资源: | ||
| ISBN: | 7-5048-0103-8 | |
| 000 | 00744nam2 2200253 45 | |
| 001 | 0189007225 | |
| 005 | 20060820152354.01 | |
| 010 | @a7-5048-0103-8@dCNY2.98 | |
| 020 | @aCN@b89007225 | |
| 100 | @a19901121d1988 m y0chiy0120 ea | |
| 101 | 0 | @achi |
| 102 | @aCN@b110000 | |
| 105 | @ay z 000yy | |
| 200 | 10 | @a震惊世界大事记@Azhen jing shi jie da shi ji@f王 凡等编@Fwang fan deng bian |
| 210 | @a北京@c农村读物出版社@d1988.1 | |
| 215 | @a444页@d19cm | |
| 225 | 2 | @a《资料卡片》丛书 |
| 410 | 0 | @120010@a《资料卡片》丛书 |
| 540 | 1 | @a震惊 世界 大事记@Azhen jing shi jie da shi ji |
| 606 | @a大事记@y世界@z现代 | |
| 690 | @aD55@v1980 | |
| 701 | 0 | @a王凡@Awang fan@4编 |
| 801 | 0 | @aCN@bTSSF@c20060820 |
| 905 | @a10447@dD55@e126 | |
| 震惊世界大事记/王 凡等编.-北京:农村读物出版社,1988.1 |
| 444页;19cm.-(《资料卡片》丛书) |
| ISBN 7-5048-0103-8:CNY2.98 |
| ● |
| 相关链接 |
|
|
|
|
正题名:震惊世界大事记
索取号:D55/126
 
预约/预借
| 序号 | 登录号 | 条形码 | 馆藏地/架位号 | 状态 | 备注 |
| 1 | 0467212 | 204672121 | 密集书库/ [索取号:D55/126] | 在馆 |